| 000 | 01435cam a2200349 a 4500 | ||
|---|---|---|---|
| 001 | EDZ0000072190 | ||
| 003 | StDuBDS | ||
| 005 | 20161031105112.0 | ||
| 006 | m||||||||d|||||||| | ||
| 007 | cr ||||||||||| | ||
| 008 | 120412s2007 enka fo| 000|0|eng d | ||
| 020 |
_a9781446213346 (ebook) : _cNo price |
||
| 040 |
_aStDuBDS _beng _cStDuBDS _epn |
||
| 049 | _aAlfaisal Main Library | ||
| 050 | 4 | _aLB2822.84 | |
| 082 | 0 | 4 |
_a371.2070941 _223 |
| 100 | 1 | _aBainbridge, Sarah. | |
| 245 | 1 | 0 |
_aCreating a vision for your school _h[electronic resource] / _cSarah Bainbridge. |
| 260 |
_aLondon : _bPaul Chapman, _c2007. |
||
| 300 |
_a1 online resource (vii, 62 p.) : _bill. |
||
| 500 | _a"A Lucky Duck book". | ||
| 500 | _aCD-ROM in back pocket. | ||
| 520 | 8 | _aApproaching school developments as a training project for all staff, this book will help schools to work towards collectively selected goals. It includes photocopiable resources on a CD-ROM to help readers to reach an outcome suited to their own establishment and culture. | |
| 521 | _aSpecialized. | ||
| 588 | _aDescription based on print version record. | ||
| 650 | 0 |
_aSchool improvement programs _zGreat Britain. |
|
| 655 | 7 |
_aElectronic books. _2local |
|
| 710 | 2 | _aSage eBooks | |
| 776 | 0 | 8 |
_iPrint version : _z9781412920209 |
| 856 | 4 | 0 | _uhttp://ezproxy.alfaisal.edu/login?url=http://sk.sagepub.com/books/creating-a-vision-for-your-school |
| 942 |
_2lcc _cEBOOKS |
||
| 999 |
_c479360 _d479360 |
||